Princesa /
Guardat en:
| Autors principals: | , |
|---|---|
| Format: | Llibre |
| Idioma: | italià |
| Publicat: |
Milano :
CDE,
stampa 1995
|
| Matèries: | |
| Etiquetes: |
Sense etiquetes, Sigues el primer a etiquetar aquest registre!
|
MARC
| LEADER | 00000nam a22000007i 4500 | ||
|---|---|---|---|
| 001 | IT\ICCU\BVE\0069259 | ||
| 003 | ItRI | ||
| 005 | 20250110233324.0 | ||
| 008 | 950413s1995 it |||||| ||||| |||||c | ||
| 040 | |b ita |c Arcigay Genova | ||
| 041 | 7 | |a ita |2 ISO-639-2 | |
| 100 | 1 | |a Albuquerque, Fernanda Farias : de |0 IT\ICCU\CFIV\137281 |4 aut | |
| 245 | 1 | 0 | |a Princesa / |c Fernanda Farias De Albuquerque, Maurizio Jannelli. |
| 260 | |a Milano : |b CDE, |c stampa 1995 | ||
| 300 | |a 125 p. ; |c 22 cm. | ||
| 650 | 7 | |a Travestitismo |x Diari e memorie |2 scbi | |
| 700 | 1 | |a Jannelli, Maurizio |0 IT\ICCU\CFIV\137282 |4 aut | |
| 942 | |2 ddc |c BK | ||
| 952 | |0 0 |1 0 |2 ddc |4 0 |6 306_768000000000000_FAR_PRI |7 1 |9 2807 |a GE |b GE |d 2025-01-10 |l 0 |o 306.768 FAR PRI |p 1439 |r 2025-01-10 23:35:04 |w 2025-01-10 |x Donazione di Alvaro Bazzano |y BK |z Donazione AB | ||
| 981 | 1 | |6 z01 |a i |b xxxe | |
| 982 | 1 | |6 z01 |a n | |
| 999 | |c 2418 |d 2418 | ||